History Quiz

Random History Quiz

Assassination by Image Quiz Stats

Quiz Updated Mar 1, 2016

Challenge
Share
Tweet
Score 0/20 Timer 05:00
2 Plays Today
assassination victim % Correct
John F. Kennedy
99.9%
Abraham Lincoln
82.9%
Ronald Reagan
80.4%
Martin Luther King Jr.
80%
Pope John Paul II
69.3%
Lee Harvey Oswald
68.9%
Julius Caesar
64%
Franz Ferdinand
62.1%
Mohandas Gandhi
56.7%
Adolf Hitler
56%
assassination victim % Correct
John Lennon
53.3%
Robert F. Kennedy
51.4%
James A. Garfield
44.3%
William McKinley
43.7%
Benazir Bhutto
43.1%
Malcolm X
40.3%
Anwar Sadat
22%
Andrew Jackson
22%
King James I
18.8%
Benigno Aquino Jr.
18.3%

You're not logged in!

Compare scores with friends on all Sporcle quizzes.
Join for Free
OR
Log In

You Might Also Like...

Show Comments

Extras

Top Quizzes Today


Score Distribution

Your Account Isn't Verified!

In order to create a playlist on Sporcle, you need to verify the email address you used during registration. Go to your Sporcle Settings to finish the process.

Report this User

Report this user for behavior that violates our Community Guidelines.

Details: